Foundations of Wireless / (Record no. 182933)
[ view plain ]
| 000 -LEADER | |
|---|---|
| fixed length control field | 01025 a2200181 4500 |
| 003 - CONTROL NUMBER IDENTIFIER | |
| control field | Nust |
| 005 - DATE AND TIME OF LATEST TRANSACTION | |
| control field | 20221221192325.0 |
| 040 ## - CATALOGING SOURCE | |
| Transcribing agency | Nust |
| 082 ## - DEWEY DECIMAL CLASSIFICATION NUMBER | |
| Classification number | 621.3825,SCR |
| 100 ## - MAIN ENTRY--PERSONAL NAME | |
| Personal name | Scroggie, M. G. |
| 9 (RLIN) | 79919 |
| 245 ## - TITLE STATEMENT | |
| Title | Foundations of Wireless / |
| Statement of responsibility, etc. | M. G. Scroggie |
| 250 ## - EDITION STATEMENT | |
| Edition statement | 5th ed. |
| 260 ## - PUBLICATION, DISTRIBUTION, ETC. | |
| Place of publication, distribution, etc. | London |
| Name of publisher, distributor, etc. | Iliffe |
| Date of publication, distribution, etc. | 1951 |
| 300 ## - PHYSICAL DESCRIPTION | |
| Extent | 321p. |
| 505 ## - FORMATTED CONTENTS NOTE | |
| Formatted contents note | A General View (Page-11), Elementary Electrical Notions (Page-23), Capacitance (Page-36), Inductance (Page-56), Alternating Currents (Page-65), Capacitance in A.C ( Page-75), Indicate A.C circuit (Page-93), The Tuned Circuit (Page-101), Valves (Page-117), Oscillations (Page-131), The Sender (Page-141), Radiation and Arials (Page-155), Detection (Page-169), The Single Valve Receiver (Page-188), Radio Frequency (Page-201), Selectivity (Page-220),, The Superheterodyne (Page-230), Audio Frequency Circuits (Page-248), Power Supplies (Page-279), Cathode Ray Tubes (Page-292), Transmissions Line Page-303). |
| 650 ## - SUBJECT ADDED ENTRY--TOPICAL TERM | |
| Topical term or geographic name entry element | Telecommunication engineering |
| 942 ## - ADDED ENTRY ELEMENTS (KOHA) | |
| Source of classification or shelving scheme | |
| Koha item type | Book |
| Withdrawn status | Lost status | Source of classification or shelving scheme | Damaged status | Not for loan | Permanent Location | Current Location | Shelving location | Date acquired | Full call number | Barcode | Date last seen | Price effective from | Koha item type | Public note |
|---|---|---|---|---|---|---|---|---|---|---|---|---|---|---|
| Military College of Signals (MCS) | Military College of Signals (MCS) | General Stacks | 12/12/2016 | 621.3825,SCR | MCS7027 | 12/08/2016 | 12/12/2016 | Book | Almirah No.37, Shelf No.6 |
